Statistiken für Europäische Länder – Geben Sie den ersten Buchstaben ein

Klicken Sie hier um das Quiz zu spielen!

Allgemein

  • Dieses Quiz wurde 442 mal gespielt
  • Das Durchschnittsergebnis liegt bei 31 aus 45

Antworten auf der Karte

Die Antworten werden auf der Karte rot bzw. grün angezeigt, abhängig davon wie oft sie richtig erraten wurden.
 

Antwortstatistiken

Land% Korrekt
Vereinigtes Königreich
75%
Irland
73%
Belarus
72%
Belgien
72%
Litauen
72%
Polen
72%
Spanien
72%
Vatikanstadt
72%
Andorra
71%
Island
71%
Nordmazedonien
71%
Bosnien und Herzegowina
70%
Dänemark
70%
Deutschland
70%
Lettland
70%
Moldawien
70%
Schweden
70%
Albanien
69%
Luxemburg
69%
Niederlande
69%
Norwegen
69%
Österreich
69%
Schweiz
69%
Slowakei
69%
Ukraine
69%
Ungarn
69%
Monaco
68%
Portugal
68%
Serbien
68%
Bulgarien
67%
Estland
67%
Kosovo
67%
Kroatien
67%
Russland
67%
Frankreich
66%
Griechenland
66%
Italien
66%
Liechtenstein
66%
Malta
66%
Rumänien
66%
Slowenien
66%
Tschechien
66%
Finnland
65%
San Marino
64%
Montenegro
63%

Verteilung der Resultate

Perzentil nach korrekt beantworteten Fragen

Anzahl Personen mit jedem Resultat

Ihre Resultats-Entwicklung

Sie haben dieses Quiz noch nicht gespielt